000 00912pam a2200277 a 4500
999 _c1757
_d1757
001 2911696
003 OSt
005 20210630062449.0
008 881028s1989 paua b 001 0 eng c
010 _a 88032607
020 _a0397507984
040 _aDNLM/DLC
_cDLC
_dDLC
050 0 0 _aRM700
_b.P473 1989
060 _aWB 460 P5777
082 0 0 _a615.8/2
_219
245 0 0 _aPhysical therapy /
_ceditors, Rosemary M. Scully, Marylou R. Barnes ; associate editors, Judith S. Canfield, Marilyn Moffat, Katherine F. Shepard ; with 76 contributors.
260 _aPhiladelphia :
_bLippincott,
_cc1989.
300 _axvi, 1319 p. :
_bill. ;
_c25 cm.
504 _aIncludes bibliographies and index.
650 0 _aPhysical therapy.
650 2 _aPhysical Therapy.
700 1 _aScully, Rosemary M.
700 1 _aBarnes, Marylou R.
906 _a7
_bcbc
_corignew
_d1
_eocip
_f19
_gy-gencatlg
942 _2lcc
_cBK
_nSO